000 00610cam a22002293a 4500
001 8414
003 PGUSA
005 20140828083156.0
008 050701s2005||||xxu|||||s|||||000 | eng d
040 _aPGUSA
_beng
042 _adc
050 4 _aBF
100 1 _aSeton, Julia,
_d1862-1950
245 1 0 _aFreedom Talks No. II
_h[electronic resource] /
_cJulia Seton
260 _bProject Gutenberg,
_c2005
506 _aPublic domain in the USA.
516 _aElectronic text
653 _aNew Thought
830 0 _aProject Gutenberg
_v8414
856 4 0 _uhttp://www.gutenberg.org/ebooks/8414
942 _cEB
999 _c237714
_d237714